تحریک نسواں اور خواتین افسا نہ نگار / (Record no. 189669)

MARC details
000 -LEADER
fixed length control field 00679nam a22001937a 4500
005 - DATE AND TIME OF LATEST TRANSACTION
control field 20220711110416.0
010 ## - LCCN (DPL NO)
LC control number UR-11636
020 ## - INTERNATIONAL STANDARD BOOK NUMBER
International Standard Book Number 9789392496776
Terms of availability 450.00
035 ## - SYSTEM CONTROL NUMBER
System control number U-10191
037 ## - SOURCE OF ACQUISITION
Source of stock number/acquisition DBAD/PUB
Stock number -
082 ## - DEWEY DECIMAL CLASSIFICATION NUMBER
Classification number 843.08
100 ## - MAIN ENTRY--PERSONAL NAME
Personal name تسنیم با نو
245 ## - TITLE STATEMENT
Title تحریک نسواں اور خواتین افسا نہ نگار /
Statement of responsibility, etc تسنیم با نو
246 ## - VARYING FORM OF TITLE
Title proper/short title Tehreek-E-Niswan Aur Khawateen Afsana Nigar /
Remainder of title by Tasneem Bano
260 ## - PUBLICATION, DISTRIBUTION, ETC. (IMPRINT)
Place of publication, distribution, etc New Delhi
Name of publisher, distributor, etc Educational Publishing House
Date of publication, distribution, etc 2021 ء
270 ## - ADDRESS
Address H.o. D1/16, Ansari Road, Daryaganj
City New Delhi
Postal code 110002
300 ## - PHYSICAL DESCRIPTION
Extent 312 ص
Dimensions 22cm(Hb)
942 ## - ADDED ENTRY ELEMENTS (KOHA)
Source of classification or shelving scheme Dewey Decimal Classification
Item type Urdu Bks
Classification part 843.08
Call number suffix ت س ن
Holdings
Withdrawn status Lost status Not for loan Collection code Home library Current library Date acquired Source of acquisition Cost, normal purchase price Full call number Barcode Copy number Cost, replacement price Koha item type
      Non-fiction Central Library Central Library 11/07/2022 DBAD/PUB 450.00 843.08 ت س ن U-10191 1 450.00 Urdu Bks

© Delhi Public Library
Hit Counter
free hit counter